Statistics for Monarchs and their Descendants - Norway

Click here to take the quiz!

General Stats

  • This quiz has been taken 109 times
  • The average score is 7 of 9

Answer Stats

HintAnswer% Correct
MonarchHarald V
97%
ChildrenHaakon, Crown Prince of Norway
91%
SpouseQueen Sonja of Norway
81%
Grandchildren (Haakon)Princess Ingrid Alexandra of Norway
80%
ChildrenPrincess Märtha Louise of Norway
72%
Grandchildren (Haakon)Prince Sverre Magnus of Norway
70%
Grandchildren (Märtha Louise)Emma Tallulah Behn
61%
Grandchildren (Märtha Louise)Leah Isadora Behn
58%
Grandchildren (Märtha Louise)Maud Angelica Behn
58%

Score Distribution

Percentile by Number Answered

Percent of People with Each Score

Your Score History

You have not taken this quiz